Responses for show #5390 - Friday, February 1, 2008

Contestants

[<< previous game]

Jennah Durant, a public affairs specialist from Dallas, Texas

Lisa Fritsche, a Sunday school director from Columbia, Missouri

Stephen Fineman, a science teacher from Morristown, New Jersey (whose 1-day cash winnings total $6,001)

[next game >>]

Jeopardy! Round responses

AWARDS & HONORS
MONTY PYTHON FOREVER
FINISH THE PROVERB
BETWEEN
THE DEVIL
THE DEEP BLUE SEA
    $200 17
eBay

Lisa
    $200 1
a parrot

Lisa
    $200 22
spoil the broth

Jennah
    $200 13
(Lisa: Who is Hilton?)

Eddie Fisher

LisaJennah
    $200 11
Faust

Jennah
    $200 6
the Caribbean Sea

Stephen
    $400 18
(Jennah: What is the Betty Crocker Bake-Off?)

the Pillsbury Bake-Off

LisaJennah
    $400 2
Silly Walks

Jennah
    $400 23
by its cover

Stephen
    $400 27
(Stephen: What is orange?)

blue

StephenLisa
    $400 12
Prada

Stephen
    $400 7
the Mediterranean Sea

Stephen
    $600 19
a poodle

Lisa
    $600 3
(Terry) Gilliam

Stephen
    $600 24
laughs best

Stephen
    $600 28
Acts (of the Apostles)

Jennah
    $600 14
40

Jennah
    $600 8
the Caspian Sea

Stephen
    $800 20
Citation

Stephen
    $800 4
the larch

Stephen
    $800 25
nothing gained

Jennah
    $800 29
Mongolia

Jennah
    $800 15
The Devil's Dictionary

Stephen
    $800 9
the Red Sea

Lisa
    $1,600 21
(Stephen: What is...Nixon?)

The Executioner's Song

Stephen
    $1000 5
bicycles

Triple Stumper
    $1000 26
on bread alone

Jennah
    $1000 30
the Mesozoic

Lisa
    $1000 16
C(live) S(taples) Lewis

Lisa
    $1000 10
the Black Sea

Jennah

Scores at the first commercial break (after clue 16):

Stephen Lisa Jennah
$3,800 $1,800 $2,400

Scores at the end of the Jeopardy! Round:

Stephen Lisa Jennah
$3,600 $4,400 $5,400

Double Jeopardy! Round responses

GROUNDHOG DAY
(Alex: In honor of that day tomorrow.)
ENTERTAINING THE TROOPS
HISTORIC NICKNAMES
MEDICAL SCHOOL
OFFICIAL STATE STUFF
"CAN"NED WORDS
    $400 19
heartbeats

Stephen
    $400 26
Jay Leno

Stephen
    $400 11
Clara Barton

Jennah
    $400 14
the Mayo Clinic

Jennah
    $400 6
(Stephen: What is a banjo?)

a fiddle

StephenJennah
    $400 1
Candy

Lisa
    $800 20
Punxsutawney

Stephen
    $800 30
Bob Hope

Stephen
    $800 12
Custer

Lisa
    $800 17
Surgeons

Jennah
    $800 7
a butterfly

Lisa
    $800 2
canvas

Stephen
    $1200 21
an aardvark

Stephen
    $1200 29
Toby Keith

Jennah
    $1200 13
Lafitte

Stephen
    $1200 18
(Stephen: What is organ donation?)
...
(Alex: [*], yes, Willed Body Program. That was it.)

body donation

StephenLisa
    $1200 8
a whale

Lisa
    $1200 3
a Canuck

Jennah
    $1600 22
a burrow

Lisa
    $1600 28
Al Jolson

Stephen
    $2,000 15
(Alex: No, who is [*]? Remember, he threw his cloak down in front of the queen.)
(Jennah: No.)
(Alex: No? I'm older than you are.)

Sir Walter Raleigh

Jennah
    $1600 24
(Stephen: What is MRI?)

PET

Stephen
Triple Stumper
    $2,000 9
(Alex: Yeah, that's right. Named for Chesapeke Bay and, of course, President Thomas Jefferson.)

Virginia

Lisa
    $1600 4
Canute

Lisa
    $2000 23
Candlemas

Lisa
    $2000 27
(Lisa: Who are the Lennon Sisters?)

The Andrews Sisters

LisaJennah
    $2000 16
Aristophanes

Triple Stumper
    $2000 25
Yeshiva

Jennah
    $2000 10
(Jennah: What is a pearl?)

coral

Jennah
Triple Stumper
    $2000 5
(Alex: That's a toughie. What is [*]?)

a canticle

Triple Stumper

Scores at the end of the Double Jeopardy! Round:

Stephen Lisa Jennah
$7,600 $14,000 $9,800

[wagering suggestions for these scores]

Final Jeopardy! Round responses

COMMUNICATION
(Alex: Developed in this country by a man who has a college named for him.)
StephenWhat is Amer Sign Lang?
$801
JennahWhat is American sign language?
$9,000
LisaWhat is Spanish?
$5,001
American Sign Language

Final scores:

Stephen Lisa Jennah
$8,401 $8,999 $18,800
3rd place: $1,000 2nd place: $2,000 New champion: $18,800

Game dynamics:

Coryat scores:

Stephen Lisa Jennah
$9,200 $13,600 $11,800
18 R,
5 W
(including 1 DD)
17 R
(including 1 DD),
2 W
18 R,
3 W
(including 1 DD)

Combined Coryat: $34,600

The J! Archive is created by fans, for fans. The Jeopardy! game show and all elements thereof, including but not limited to copyright and trademark thereto, are the property of Jeopardy Productions, Inc. and are protected under law. This website is not affiliated with, sponsored by, or operated by Jeopardy Productions, Inc. Join the discussion at JBoard.tv.